书目信息 |
| 题名: |
管理学
|
|
| 作者: | 马春光 著 | |
| 分册: | ||
| 出版信息: | 北京 经济科学出版社 2006.07 |
|
| 页数: | 279页 | |
| 开本: | 26cm | |
| 丛书名: | ||
| 单 册: | ||
| 中图分类: | F279.1 | |
| 科图分类: | ||
| 主题词: | 企业管理--qi ye guan li--案例--分析--世界 | |
| 电子资源: | ||
| ISBN: | 7-5058-5236-1 | |
| 000 | 01280nam0 2200265 450 | |
| 001 | 012006357922 | |
| 005 | 20061204155651.34 | |
| 010 | @a7-5058-5236-1@dCNY32.00 | |
| 100 | @a20061106d2006 km y0chiy0120 ea | |
| 101 | 0 | @achi |
| 102 | @aCN@b110000 | |
| 105 | @aa a 000yy | |
| 200 | 1 | @a管理学@Aguan li xue@e全球化视角案例分析@d= Management@eGlobal perspective@f马春光著@Fma chun guang zhu@zeng |
| 210 | @a北京@c经济科学出版社@d2006.07 | |
| 215 | @a279页@c图@d26cm | |
| 314 | @a马春光,1975年毕业于天津南开大学,获本科学历,1985年在美国旧金山大学获工商管理硕士学位,1991年在美国乔治·华盛顿大学修完工商管理博士学位,全部课程,后因校内行政管理和教学工作需要返回学校。现为对外经济贸易大学国际工商管理学院教授、博士生导师。 | |
| 320 | @a有书目 (第276-279页)。 | |
| 330 | @a本书在系统地阐述了企业管理理论、原则和方法的基础上,着重探讨中国企业的核心竞争力,产业价值链定位和企业的核心竞争力,产业价值链定位和企业战略转型,企业文化建设和跨文化管理、中国企业国际化经营等专题。 | |
| 510 | 1 | @aManagement@eGlobal perspective@zeng |
| 517 | 1 | @a全球化视角案例分析@Aquan qiu hua shi jiao an li fen xi |
| 606 | 0 | @a企业管理@Aqi ye guan li@x案例@x分析@y世界 |
| 690 | @aF279.1@v4 | |
| 701 | 0 | @a马春光@Ama chun guang@4著 |
| 801 | 0 | @aCN@c20061204 |
| 905 | @a10447@dF279.1@eM022 | |
| 管理学:全球化视角案例分析= Management:Global perspective/马春光著.-北京:经济科学出版社,2006.07 |
| 279页:图;26cm |
| ISBN 7-5058-5236-1:CNY32.00 |
| 本书在系统地阐述了企业管理理论、原则和方法的基础上,着重探讨中国企业的核心竞争力,产业价值链定位和企业的核心竞争力,产业价值链定位和企业战略转型,企业文化建设和跨文化管理、中国企业国际化经营等专题。 |
| ● |
| 相关链接 |
|
|
|
正题名:管理学
索取号:F279.1/M022
 
预约/预借
| 序号 | 登录号 | 条形码 | 馆藏地/架位号 | 状态 | 备注 |
| 1 | 225653 | 202256539 | 社科库409/409社科库 97排2列2层/ [索取号:F279.1/M022] | 在馆 | |
| 2 | 225654 | 202256548 | 社科库409/409社科库 97排2列2层/ [索取号:F279.1/M022] | 在馆 | |
| 3 | 225655 | 202256557 | 社科库409/409社科库 97排2列2层/ [索取号:F279.1/M022] | 在馆 |